000003690 001__ 3690 000003690 005__ 20260410141723.0 000003690 0247_ $$2DOI$$a10.6083/707957995 000003690 037__ $$aIR 000003690 245__ $$aDatabase support for computational chemistry 000003690 269__ $$a1991 000003690 336__ $$aArticle 000003690 520__ $$acse-92-001 000003690 540__ $$fCC BY 000003690 542__ $$fIn copyright - single owner 000003690 691__ $$aOregon Graduate Institute 000003690 7001_ $$aCushing, Judith B. 000003690 8564_ $$9dcd38df0-a073-4ebf-89d8-445a4f5e0d9b$$s1215069$$uhttps://digitalcollections.ohsu.edu/record/3690/files/csetech-7.pdf$$ePublic$$2fc701385de8b8e8b581df6796af30897$$31 000003690 901__ $$a<p>These documents are archival records. They are retained for historical reference only. </p><p><b>Need an accessible version? Use the "Get Accessible Copy" link above.</b></p> 000003690 905__ $$a/rest/prod/70/79/57/99/707957995 000003690 956__ $$aGet Accessible Copy$$uhttps://ohsu.libwizard.com/f/requestaccessibledocument 000003690 980__ $$aScholars Archive